000 00583nam a2200181Ia 4500
008 151018s9999 xx 000 0 und d
082 _bRBASDV4333
_a891.463
100 _aवि वा भिडे
245 _aकेंजळगडचा कबजा
250 _b1
260 _bभारत गौरव ग्रंथमाला
_c1926
300 _a200
600 _aवि वा भिडे
630 _aकेंजळगडचा कबजा
700 _aवि वा भिडे
730 _aकेंजळगडचा कबजा
942 _cBOOK
999 _c1006733
_d1006730